000 00553nam a2200181Ia 4500
005 20250923144713.0
008 008 250917s9999 xx 000 0 eng d
037 _aTextual
040 _aDSWL
_beng
_cDSWL
041 _aeng
_2eng
084 _aYX,Z2;6-J.251'N59t4, N60
_qDSWL
100 _aGhai, S.
_9827549
245 0 _aStudy of the after care home for boys in Delhi
_cby S. Ghai
260 _aDelhi
_bDelhi
_c1960
300 _a6,71p.
942 _cTEXL
_hYX,Z2;6-J.251'N59t4, N60
999 _c1442270
_d1442270